00527nam a2200145 a 450000500170000000800410001702000180005805000230007610000170009924501350011625000160025126000370026730000300030465000470033420140310183354.0121023s19uu xx 00 eng d a9780749447960 aQA 43b.Sm654 2008 aSmith, Heidi aHow to pass numerical reasoning tests :ba step by step guide to learning key numeracy skills - Intermediate level /cHeidi Smith. aRevised ed. aLondon, UK :bKogan Page,c2008. a225 p. : bill. ;c23 cm. aMathematicsxExaminations, questions, etc.